000 00561cam a22001817a 4500
008 180718b1999 xxu||||| |||| 00| 0 eng d
020 _a0198296525
082 _aT101 B648
245 _aOrganized interests and self-regulation: an economic approach
_cedited by Bernardo Bortolotti and Gianluca Fiorentini
260 _aOxford
_bOxford Univ. Press
_c1999
300 _a268p.
650 _aTrade regulation
650 _aLaw enforcement
650 _aEconomics
650 _aSocial choice
700 _aFiorentini, Gianluca
700 _aBortolotti, Bernardo
999 _c391975
_d391975